| 000 | 00897cam a2200301 a 4500 | ||
|---|---|---|---|
| 001 | 1689500 | ||
| 003 | ARRUPE | ||
| 005 | 20141107125600.0 | ||
| 008 | 921223s1994 nyu b 001 0 eng | ||
| 010 | _z 92046358 | ||
| 020 | _a0809015544 | ||
| 035 | _a(OCoLC)30130744 | ||
| 035 | _a(OCoLC)ocm30130744 | ||
| 035 | _a(NNC)1689500 | ||
| 040 |
_aNNC _cNNC |
||
| 043 | _an-us--- | ||
| 100 | 1 |
_aKolchin, Peter. _912484 |
|
| 245 | 1 | 0 |
_aAmerican slavery, 1619-1877 / _cPeter Kolchin ; consulting editor, Eric Foner. |
| 250 | _a1st paperback ed. | ||
| 260 |
_aNew York : _bHill and Wang, _c1994. |
||
| 300 |
_axv, 304 p. ; _c22 cm. |
||
| 490 | 1 | _aAmerican century series | |
| 504 | _aIncludes bibliographical references and index. | ||
| 650 | 0 |
_aSlavery _zUnited States _xHistory. _912485 |
|
| 830 | 0 |
_aAmerican century series. _912486 |
|
| 900 | _bTOC | ||
| 942 |
_2lcc _cMONOGRAPH |
||
| 999 |
_c121199 _d121199 |
||